Manufacturing engineering and technology
Gồm có 8 phần: Fundamentals of materials; Metal-casting processes and equipment; Forming and shaping processes and equipment; Material-removal processes and machines; Joining processes and equipment; Surface technology; Common aspects of manufacturing; Manufacturing competitive environment....
Đã lưu trong:
| 主要作者: | |
|---|---|
| 格式: | 圖書 |
| 語言: | Undetermined |
| 出版: |
New York
Addison-Wesley
1995
|
| 主題: | |
| 標簽: |
添加標簽
沒有標簽, 成為第一個標記此記錄!
|
| Thư viện lưu trữ: | Trung tâm Học liệu Trường Đại học Cần Thơ |
|---|
| LEADER | 01021nam a2200229Ia 4500 | ||
|---|---|---|---|
| 001 | CTU_27831 | ||
| 008 | 210402s9999 xx 000 0 und d | ||
| 020 | |c 749100 | ||
| 082 | |a 670 | ||
| 082 | |b K14 | ||
| 100 | |a Kalpakjian, Serope | ||
| 245 | 0 | |a Manufacturing engineering and technology | |
| 245 | 0 | |c Serope Kalpakjian | |
| 260 | |a New York | ||
| 260 | |b Addison-Wesley | ||
| 260 | |c 1995 | ||
| 520 | |a Gồm có 8 phần: Fundamentals of materials; Metal-casting processes and equipment; Forming and shaping processes and equipment; Material-removal processes and machines; Joining processes and equipment; Surface technology; Common aspects of manufacturing; Manufacturing competitive environment. | ||
| 526 | |a Công nghệ và thiết bị tạo phôi,Công nghệ chế tạo máy 1 | ||
| 526 | |b CN390,CN387 | ||
| 650 | |a Production engineering,Manufacturing processes,Công nghệ sản xuất | ||
| 904 | |i Thom, Năm | ||
| 980 | |a Trung tâm Học liệu Trường Đại học Cần Thơ | ||